000 00541nam a2200169Ia 4500
008 110201s9999 xx 000 0 und d
082 _bB9474
_aS 1810
100 _aघाणेकर प्र.के.
245 _aडोळस भटकंती
260 _bस्नेहल प्रकाशन
365 _b225
600 _aघाणेकर प्र.के.
630 _aडोळस भटकंती
700 _aघाणेकर प्र.के.
730 _aडोळस भटकंती
942 _cBOOK
999 _c834910
_d834907